[Event "Ljubljana"]
[Site "Ljubljana"]
[Date "1997.??.??"]
[Round "6"]
[White "Mencinger, Vojko"]
[Black "Efimov, Igor"]
[Result "0-1"]
[WhiteElo "2395"]
[BlackElo "2530"]

1.e4 c5 2.Nf3 Nc6 3.d4 cxd4 4.Nxd4 Nf6 5.Nc3 d6 6.Bg5 Bd7 7.Qd2 Rc8 8.O-O-O Nxd4
9.Qxd4 Qa5 10.Be3 a6 11.f3 e6 12.Kb1 Be7 13.g4 O-O 14.g5 Nh5 15.Qd2 Qc7 16.Bh3 g6
17.Bg4 Rfd8 18.Bxh5 gxh5 19.Bd4 b5 20.Rhg1 Be8 21.Bf6 b4 22.Ne2 d5 23.Bxe7 Qxe7
24.e5 d4 25.Nf4 Qc5 26.Nxh5 Bb5 27.f4 d3 28.cxd3 b3 29.d4 Qc2+ 30.Ka1 Be2
31.Nf6+ Kg7 32.d5 Bxd1 33.Qxd1 exd5 34.axb3 d4 35.Qh5 Qg6 36.Qf3 Qf5 37.h4 Rc5
38.b4 Rxe5 39.Qh5 Re7 40.Qh6+ Kh8 41.Nxh7 Qg6 42.Qxg6 fxg6 43.Nf6 d3 44.Rd1 Re2
45.h5 d2 46.Kb1 Rc8 47.Ka2 Rc1 48.Rxd2 Rxd2 49.hxg6 Rc6 50.Ka3 Kg7 51.Ng4 Rd5
52.Ka4 Rb6  0-1

[Event "Ljubljana"]
[Site "Ljubljana"]
[Date "1997.??.??"]
[Round "8"]
[White "Peptan, Corina"]
[Black "Grosar, Aljosa"]
[Result "1-0"]
[WhiteElo "2425"]
[BlackElo "2495"]

1.e4 c5 2.Nf3 d6 3.d4 cxd4 4.Nxd4 Nf6 5.Nc3 Nc6 6.Bg5 e6 7.Qd2 a6 8.O-O-O Bd7
9.f3 Rc8 10.Kb1 Be7 11.h4 Nxd4 12.Qxd4 Rc6 13.Qd2 b5 14.Bd3 Qa5 15.f4 b4
16.Ne2 h6 17.Bxf6 Bxf6 18.g4 Bc3 19.Qc1 e5 20.f5 Rc5 21.bxc3 bxc3 22.Ka1 Ke7
23.Qb1 Qc7 24.Nc1 Ba4 25.Rh2 Rb8 26.Nb3 Ra5 27.g5 h5 28.f6+ gxf6 29.gxf6+ Kd7
30.Bf1 Rb4 31.Bh3+ Kc6 32.Rd3 Kb7 33.Nxa5+ Qxa5 34.Qe1 Bb5 35.Qxc3 Bxd3 36.Qxd3 Qb6
37.Rh1 a5 38.Qd5+ Ka7 39.Qxf7+ Kb8 40.Qe8+ Ka7 41.Qd7+ Kb8 42.Rd1 Rd4 43.Rg1  1-0

[Event "Loures2"]
[Site "Loures"]
[Date "1997.??.??"]
[Round "1"]
[White "Santo Roman, Marc"]
[Black "Campos Moreno, Javier B"]
[Result "0-1"]
[WhiteElo "2400"]
[BlackElo "2445"]

1.e4 c5 2.Nf3 Nc6 3.d4 cxd4 4.Nxd4 Nf6 5.Nc3 d6 6.Bg5 e6 7.Qd2 a6 8.O-O-O h6
9.Nxc6 bxc6 10.Bf4 d5 11.Qe3 Qa5 12.a3 Qc5 13.Qf3 e5 14.Na4 Qd6 15.Qe2 exf4
16.e5 Qd8 17.exf6+ Be6 18.Qe5 Qxf6 19.Qxf6 gxf6 20.c4 Bd6 21.cxd5 cxd5 22.Nb6 Rb8
23.Nxd5 Be5 24.Nc3 Rb6 25.Bd3 Ke7 26.Bc2 Rhb8 27.Na4 Bxb2+ 28.Nxb2 Rxb2 29.Rd3 Ra2
30.Re1 Kf8 31.Kd2 Bf5 32.Rc3 Rd8+ 33.Kc1 Ra1+ 34.Kb2 Rxe1 35.Bxf5 Re2+  0-1

[Event "WchT 4th"]
[Site "Luzern"]
[Date "1997.??.??"]
[Round "4"]
[White "Rodriguez, Amador"]
[Black "Kozul, Zdenko"]
[Result "0-1"]
[WhiteElo "2545"]
[BlackElo "2605"]

1.e4 c5 2.Nf3 Nc6 3.d4 cxd4 4.Nxd4 Nf6 5.Nc3 d6 6.Bg5 e6 7.Qd2 a6 8.O-O-O Bd7
9.f4 b5 10.Bxf6 gxf6 11.Nxc6 Bxc6 12.Bd3 b4 13.Ne2 Qb6 14.Kb1 h5 15.Qe1 h4
16.Rf1 a5 17.f5 e5 18.Bc4 Qe3 19.Bd5 Bxd5 20.exd5 Rg8 21.Rf3 Qe4 22.Qf2 Rc8
23.Nc1 Bh6 24.g3 hxg3 25.hxg3 Rc5 26.Rfd3 Bxc1 27.Rxc1 Rg5 28.Rf1 Rxd5 29.Qb6 Rxd3
30.Qb5+ Kf8 31.cxd3 Qe2 32.Rc1 Rxf5  0-1

[Event "Rheinhessen-ch M1"]
[Site "Mainz"]
[Date "1997.??.??"]
[Round "3"]
[White "Steinkohl, Thomas"]
[Black "Leusing, Andre"]
[Result "1-0"]
[WhiteElo "2300"]
[BlackElo "2018"]

1.e4 c5 2.Nf3 Nc6 3.d4 cxd4 4.Nxd4 Nf6 5.Nc3 d6 6.Bg5 e6 7.Qd2 Be7 8.O-O-O O-O
9.f4 a6 10.Nf3 Qa5 11.Kb1 Rd8 12.Bd3 h6 13.Bh4 Bd7 14.Rhg1 b5 15.g4 b4 16.Ne2 e5
17.Bxf6 Bxf6 18.f5 d5 19.Ng3 Nd4 20.Nxd4 exd4 21.exd5 Bg5 22.Qg2 Be3 23.Rh1 Bb5
24.d6 Rac8 25.Ne4 Bc6 26.Rhe1 Bd5 27.b3 Rxd6 28.h4 Qd8 29.g5 hxg5 30.f6 Re6
31.hxg5 Qe8 32.Rh1  1-0

[Event "Mar del Plata op"]
[Site "Mar del Plata"]
[Date "1997.??.??"]
[Round "6"]
[White "Fiorito, Fabian"]
[Black "Ricardi, Pablo"]
[Result "1-0"]
[WhiteElo "2470"]
[BlackElo "2575"]

1.e4 c5 2.Nf3 d6 3.d4 cxd4 4.Nxd4 Nf6 5.Nc3 Nc6 6.Bg5 e6 7.Qd2 Be7 8.O-O-O Nxd4
9.Qxd4 O-O 10.f4 Qa5 11.Kb1 Rd8 12.h4 Bd7 13.Qd2 Qc5 14.Bd3 b5 15.f5 b4 16.Ne2 a5
17.g4 a4 18.Rhg1 b3 19.cxb3 axb3 20.a3 Bc6 21.Nc3 d5 22.exd5 Bxd5 23.Nxd5 Rxd5
24.Qc1 exf5 25.Bxf5 Rxf5 26.gxf5 Qxf5+ 27.Ka1 Qe5 28.Qc3 Rxa3+ 29.Kb1 Qxc3
30.bxc3 Ra8 31.Kb2 Rb8 32.Rge1 Kf8 33.Bf4 Rb7 34.c4 Nd7 35.Bd6 Bxd6 36.Rxd6 f6
37.Ra1 Ne5 38.Rd4 Rb4 39.Kc3 Rb7 40.Rb1 Nc6 41.Rd5 Re7 42.Rxb3 Re3+ 43.Rd3 Re1
44.Kd2 Re4 45.Rdc3 Rxh4 46.Rb7 h5 47.c5 Rh2+ 48.Ke1 h4 49.Rc7 Nd4 50.c6 Ne6
51.Rd7 h3 52.c7 Rh1+ 53.Kf2 Rh2+ 54.Kg1 Rg2+ 55.Kh1 Nxc7 56.Rcxc7 Kg8 57.Rd3  1-0

[Event "Mar del Plata op"]
[Site "Mar del Plata"]
[Date "1997.??.??"]
[Round "7"]
[White "Dos Santos, Freire Ramiro"]
[Black "Rosito, Jorge"]
[Result "1/2-1/2"]
[WhiteElo "2360"]
[BlackElo "2460"]

1.e4 c5 2.Nf3 d6 3.d4 Nf6 4.Nc3 cxd4 5.Nxd4 Nc6 6.Bg5 e6 7.Qd2 a6 8.O-O-O h6
9.Bf4 Bd7 10.Nxc6 Bxc6 11.f3 d5 12.Qe1 Bb4 13.a3 Ba5 14.Bd2 Rc8 15.e5 Nd7
16.Kb1 Bc7 17.f4 f6 18.exf6 Qxf6 19.g4 d4 20.Ne4 Bxe4 21.Qxe4 Nc5 22.Qf3 O-O
23.f5 Be5 24.Bb4 Kh8 25.Bxc5 Rxc5 26.Bd3 b5 27.Qe4 exf5 28.gxf5 Qc6 29.Qxc6  1/2-1/2

[Event "CRO-chT"]
[Site "Medulin"]
[Date "1997.??.??"]
[Round "?"]
[White "Fercec, Nenad"]
[Black "Kiss, Attila"]
[Result "1-0"]
[WhiteElo "2430"]
[BlackElo "2425"]

1.e4 c5 2.Nf3 Nc6 3.d4 cxd4 4.Nxd4 Nf6 5.Nc3 d6 6.Bg5 e6 7.Qd2 Be7 8.O-O-O O-O
9.Nb3 a6 10.Bxf6 gxf6 11.Qh6 Kh8 12.Qh5 Qe8 13.f4 Rg8 14.g4 b5 15.Bd3 Rg7
16.h4 b4 17.Na4 Rb8 18.g5 e5 19.f5 fxg5 20.hxg5 Bxg5+ 21.Kb1 Qe7 22.Nd2 Nd4
23.Nc4 Bb7 24.Nab6 f6 25.Rh3 Bc6 26.Rdh1 Rbg8 27.Nxd6 Bf4 28.a4 bxa3 29.Bc4 Rf8
30.Bd5 Be8 31.Nxe8 Rxe8 32.Rxa3 Rb8 33.Nc4 h6 34.Rxa6 Rg2 35.c3 Nb5 36.Qf3 Rg7
37.Qd3 Rg3 38.Rxh6+ Kg7 39.Qxg3+ Bxg3 40.Rg6+ Kh8 41.Rh6+ Kg7 42.Rg6+ Kh8
43.Rxg3 Nc7 44.Rh3+ Kg7 45.Rc6 Rd8 46.Nb6 Nxd5 47.Nxd5 Rxd5 48.exd5 Qd7 49.Rg3+ Kf7
50.c4 Qxf5+ 51.Ka2 Qd7 52.Ra3 e4 53.Raa6 e3 54.Rxf6+ Kg7 55.Rg6+ Kh7 56.Rh6+ Kg7  1-0

[Event "CRO-chT"]
[Site "Medulin"]
[Date "1997.??.??"]
[Round "?"]
[White "Lalic, Bogdan"]
[Black "Kozul, Zdenko"]
[Result "1-0"]
[WhiteElo "2585"]
[BlackElo "2590"]

1.e4 c5 2.Nf3 Nc6 3.d4 cxd4 4.Nxd4 Nf6 5.Nc3 d6 6.Bg5 e6 7.Qd2 a6 8.O-O-O Bd7
9.f4 b5 10.Bxf6 gxf6 11.Kb1 Qb6 12.Nxc6 Bxc6 13.Qe1 O-O-O 14.Bd3 h5 15.Rf1 Kb8
16.a3 Bb7 17.f5 Qc5 18.fxe6 fxe6 19.Rxf6 Qe5 20.Rf7 Bh6 21.a4 Rdf8 22.Rxf8+ Rxf8
23.axb5 axb5 24.Nxb5 Bg7 25.Qb4 Qc5 26.Qb3 d5 27.exd5 Bxd5 28.c4 Bb7 29.Nc3 Bxc3
30.Qxc3 Rf2 31.Qb3 Kc7 32.Bc2 Rxg2 33.Rd7+ Kxd7 34.Qxb7+ Kd6 35.Qxg2 Qxc4
36.Qg3+  1-0

[Event "CRO-chT (Women)"]
[Site "Medulin"]
[Date "1997.??.??"]
[Round "?"]
[White "Roschina, Tatiana"]
[Black "Madl, Ildiko"]
[Result "0-1"]
[WhiteElo "2245"]
[BlackElo "2365"]

1.e4 c5 2.Nf3 d6 3.d4 cxd4 4.Nxd4 Nf6 5.Nc3 Nc6 6.Bg5 e6 7.Bb5 Qb6 8.Qd2 a6
9.Bxc6+ bxc6 10.O-O-O e5 11.Nf5 Bxf5 12.exf5 Rb8 13.b3 Nd7 14.f4 f6 15.Bh4 Qb4
16.Rhe1 Be7 17.g4 d5 18.g5 Qxf4 19.Qxf4 exf4 20.Re6 Nc5 21.Rxc6 fxg5 22.Nxd5 gxh4
23.Nxe7 Kxe7 24.Rxc5 g5 25.Re1+ Kf7 26.Re6 Rhc8 27.Rce5 f3 28.Re4 f2 29.Re7+ Kf6
30.R4e6+ Kxf5 31.Re5+ Kg6 32.R7e6+ Kf7 33.Re7+ Kf8  0-1

[Event "CRO-chT"]
[Site "Medulin"]
[Date "1997.??.??"]
[Round "?"]
[White "Palac, Mladen"]
[Black "Kozul, Zdenko"]
[Result "0-1"]
[WhiteElo "2595"]
[BlackElo "2590"]

1.e4 c5 2.Nf3 Nc6 3.d4 cxd4 4.Nxd4 Nf6 5.Nc3 d6 6.Bg5 e6 7.Qd2 a6 8.O-O-O Bd7
9.f4 b5 10.Bxf6 gxf6 11.Kb1 Qb6 12.Nxc6 Bxc6 13.Qe1 Ra7 14.f5 h5 15.Bd3 Qc5
16.Rf1 e5 17.Qh4 Ke7 18.Ne2 a5 19.Rf3 Bh6 20.Qxh5 a4 21.Qh4 b4 22.Qe1 Bg5
23.h3 Rc7 24.c4 a3 25.b3 Rcc8 26.Bc2 Rh4 27.Ng1 Rf4 28.g3 Rxf3 29.Nxf3 Be3
30.Qe2 Rh8 31.h4 Rg8 32.g4 Rxg4 33.Nd4 Rg3 34.Nxc6+ Qxc6 35.h5 Qb6 36.Qd3 Rg2
37.Qd5 Bh6 38.c5 Qxc5 39.Qxc5 dxc5 40.Rh1 Kf8 41.Rd1 Kg7 42.Rh1 Be3 43.Rd1 Kh6
44.Re1 Rh2 45.Rd1 Kxh5 46.Rf1 Kg5 47.Re1 Rf2 48.Rh1 Rg2 49.Rf1 Kh6 50.Rh1+ Kg7
51.Re1 Kf8 52.Rd1 Ke7 53.Re1 Kd6 54.Rd1+ Kc7 55.Re1 Kc6 56.Rd1 c4 57.bxc4 b3
58.axb3 a2+ 59.Kxa2 Rxc2+  0-1

[Event "Minsk op"]
[Site "Minsk"]
[Date "1997.??.??"]
[Round "5"]
[White "Sulskis, Sarunas"]
[Black "Lutsko, Igor"]
[Result "1-0"]
[WhiteElo "2525"]
[BlackElo "2410"]

1.e4 c5 2.Nf3 d6 3.d4 cxd4 4.Nxd4 Nf6 5.Nc3 Nc6 6.Bg5 e6 7.Qd2 a6 8.O-O-O Bd7
9.f4 b5 10.Nxc6 Bxc6 11.Bd3 Be7 12.e5 dxe5 13.fxe5 Nd7 14.Bxe7 Qxe7 15.Be4 Rc8
16.Bxc6 Rxc6 17.Ne4 Nxe5 18.Qd4 f6 19.Nd6+ Kf8 20.Rhe1 Kg8 21.Rxe5 fxe5 22.Qxe5 h6
23.h4 Qc7 24.Qxe6+ Kh7 25.Qe4+ g6 26.Ne8 Rxe8 27.Qxe8 Qf4+ 28.Kb1 Rc7 29.Qe1 b4
30.Rd3 Qc4 31.Qc1 h5 32.g3 Rf7 33.b3 Qc6 34.Qe3 a5 35.Qd4 Qg2 36.Qc5 Qf1+
37.Kb2 Qf6+ 38.Qd4 Qc6 39.Qd6 Qc8 40.a4 bxa3+ 41.Qxa3 Rc7 42.Kb1 Qf5 43.Qd6 Qf1+
44.Kb2 Qf7 45.Qe5 Ra7 46.Rd8 Qg7 47.Qxg7+ Kxg7 48.Ka3 Kf6 49.Ka4 Kf5 50.Rd5+ Ke4
51.Rxa5 Rxa5+ 52.Kxa5 Kf3 53.b4 Kxg3 54.b5 g5 55.hxg5 h4 56.b6 h3 57.b7 h2
58.b8=Q+  1-0

[Event "Minsk op"]
[Site "Minsk"]
[Date "1997.??.??"]
[Round "8"]
[White "Malisauskas, Vidmantas"]
[Black "Lutsko, Igor"]
[Result "1/2-1/2"]
[WhiteElo "2530"]
[BlackElo "2410"]

1.e4 c5 2.Nf3 d6 3.d4 cxd4 4.Nxd4 Nf6 5.Nc3 Nc6 6.Bg5 e6 7.Qd2 a6 8.O-O-O Bd7
9.f3 h6 10.Be3 b5 11.Nxc6 Bxc6 12.Bd3 Qc7 13.Rhe1 Be7 14.Ne2 Nd7 15.Nd4 Bb7
16.Kb1 Ne5 17.f4 Nc4 18.Qf2 Bf6 19.Bc1 Qc5 20.Bxc4 bxc4 21.Qe3 c3 22.Qxc3 Qxc3
23.bxc3 Rb8 24.Ka1 O-O 25.Ba3 Rfd8 26.Rb1 e5 27.fxe5 Bxe5 28.Rb6 Ba8 29.Rxb8 Rxb8
30.g3 g6 31.Bc1 Rc8 32.Kb2 Rb8+ 33.Ka1 Rc8 34.Kb2 Rb8+  1/2-1/2

[Event "Mondariz op"]
[Site "Mondariz"]
[Date "1997.??.??"]
[Round "?"]
[White "Lanka, Zigurds"]
[Black "Campos Moreno, Javier B"]
[Result "1/2-1/2"]
[WhiteElo "2565"]
[BlackElo "2440"]

1.e4 c5 2.Nf3 Nc6 3.d4 cxd4 4.Nxd4 Nf6 5.Nc3 d6 6.Bg5 e6 7.Qd2 a6 8.O-O-O h6
9.Be3 Be7 10.f3 Nxd4 11.Bxd4 b5 12.Kb1 Rb8 13.Ba7 Rb7 14.Be3 Qa5 15.h4 Nd7
16.Bd3 Ne5 17.h5 Nc4 18.Bxc4 bxc4 19.Ka1 Bd7 20.Rb1 Bc6 21.g4 f6 22.Rhg1 d5
23.exd5 Bxd5 24.f4 Kf7 25.Bd4 Bc5 26.g5 hxg5 27.fxg5 Rxh5 28.gxf6 g6 29.Qe3 Bxd4
30.Qxd4 Qd8 31.Rgf1 Rd7 32.Nxd5 Rdxd5 33.Qxc4 a5 34.Qg4 Rhf5 35.Rh1 Qxf6
36.Qc4 Kg7 37.Qc8 Rh5 38.Rhe1 Rde5 39.Red1 Rd5 40.c4 Rxd1 41.Rxd1 Qe5 42.a3 Rh2
43.Rd7+ Kh6 44.Qf8+ Kg5 45.Qd8+ Kh6 46.Rd4 Qe2 47.Rh4+ Rxh4 48.Qxh4+ Kg7
49.Qd4+ e5 50.Qd5 e4  1/2-1/2

[Event "Mondariz op"]
[Site "Mondariz"]
[Date "1997.??.??"]
[Round "?"]
[White "Korneev, Oleg"]
[Black "San Segundo, Pablo"]
[Result "1-0"]
[WhiteElo "2565"]
[BlackElo "2495"]

1.e4 c5 2.Nf3 d6 3.d4 cxd4 4.Nxd4 Nf6 5.Nc3 Nc6 6.Bg5 e6 7.Qd2 a6 8.O-O-O h6
9.Be3 Be7 10.f3 Nxd4 11.Bxd4 b5 12.Kb1 Rb8 13.Ba7 Rb7 14.Be3 b4 15.Ne2 e5
16.Nc1 Rb8 17.Bc4 Bd7 18.g4 Qc8 19.Qd3 Bb5 20.Bxb5+ Rxb5 21.h4 Qe6 22.Ne2 d5
23.g5 hxg5 24.Bxg5 dxe4 25.fxe4 Nh5 26.Qd8+  1-0

[Event "Montpellier Masters op"]
[Site "Montpellier"]
[Date "1997.??.??"]
[Round "1"]
[White "Clement, Olivier"]
[Black "Relange, Eloi"]
[Result "0-1"]
[WhiteElo "2185"]
[BlackElo "2505"]

1.e4 c5 2.Nf3 d6 3.d4 cxd4 4.Nxd4 Nf6 5.Nc3 Nc6 6.Bg5 e6 7.f4 Qb6 8.Nb3 Be7
9.Qd2 O-O 10.O-O-O a6 11.Be2 Rd8 12.g4 Qc7 13.Bxf6 Bxf6 14.g5 Be7 15.Rhf1 b5
16.f5 b4 17.Nb1 a5 18.f6 Bf8 19.Rf3 Bb7 20.Rh3 Rac8 21.Qf4 a4 22.Qh4 h6 23.fxg7 Bxg7
24.gxh6 Ne5 25.Na1 Ng6 26.Qg5 Be5 27.Rg1 Kh7 28.Nd2 a3  0-1

[Event "Moravia-chT 9697"]
[Site "?"]
[Date "1997.??.??"]
[Round "?"]
[White "Piza, Vlastimil"]
[Black "Jankovec, Ivan"]
[Result "1-0"]
[WhiteElo "2290"]
[BlackElo "2275"]

1.e4 c5 2.Nf3 d6 3.d4 cxd4 4.Nxd4 Nf6 5.Nc3 Nc6 6.Bg5 e6 7.Qd2 a6 8.O-O-O Bd7
9.f3 Rc8 10.g4 Be7 11.h4 O-O 12.h5 b5 13.Be3 Nxd4 14.Bxd4 b4 15.Ne2 e5 16.Be3 Qa5
17.Kb1 Be6 18.Nc1 Rfd8 19.g5 Ne8 20.g6 d5 21.Bd3 d4 22.gxf7+ Bxf7 23.Bg5 Nf6
24.Rdg1 Kh8 25.h6 g6 26.f4 Qc7 27.Rf1 Bg8 28.Qh2 Rf8 29.Qh4 Bc4 30.Rh2 Ng8
31.Rhf2 Rxf4 32.Rxf4 Bxd3 33.Nxd3 Bxg5 34.Qxg5 exf4 35.Rf2 Rf8 36.Nxb4 Qe7
37.Qxe7 Nxe7 38.Nxa6 g5 39.Nc5 g4 40.Nd3 f3 41.Ne5 Rf4 42.a4 Rxe4 43.Nxg4 Rxg4
44.Rxf3 Rh4 45.Rf8+ Ng8 46.a5 Rxh6 47.b4 Rd6 48.b5 Kg7 49.Rb8 d3 50.cxd3 Rxd3
51.Kb2 Nf6 52.a6 Rd2+ 53.Kb3 Rd3+ 54.Kb4 Rd4+ 55.Kc5 Ra4 56.Rb7+ Kg6 57.a7 h5
58.b6 h4 59.Rb8 Nd7+ 60.Kb5  1-0

[Event "Moravia-chT 9697"]
[Site "?"]
[Date "1997.??.??"]
[Round "?"]
[White "Rasik, Vitezslav"]
[Black "Piza, Vlastimil"]
[Result "1-0"]
[WhiteElo "2455"]
[BlackElo "2290"]

1.e4 c5 2.Nf3 d6 3.d4 cxd4 4.Nxd4 Nf6 5.Nc3 Nc6 6.Bg5 e6 7.Qd2 a6 8.O-O-O Bd7
9.f3 b5 10.g4 Rc8 11.Be3 Ne5 12.g5 Nh5 13.f4 Nc4 14.Bxc4 Rxc4 15.f5 e5 16.Nde2 Qa5
17.Kb1 Be7 18.Qd3 Rc6 19.Nd5 Bd8 20.Bd2 b4 21.Nxb4 Rc8 22.Qxd6 Be7 23.Qd5 Rc5
24.Qd3 Bb5 25.Qf3 Bxe2 26.Qxe2 Nf4 27.Bxf4 exf4 28.Nd5 Bxg5 29.Rhg1 Bh6 30.b4 f3
31.Qd3 Rxd5 32.Qxd5 Qxb4+ 33.Qb3 Qxb3+ 34.axb3 f2 35.Rg3 Bf4 36.Rf3 Bxh2
37.Rxf2 Be5 38.Rd5 f6 39.Rfd2 O-O 40.Rd8 g5 41.fxg6 hxg6 42.c4 g5 43.Kc2 g4
44.Kd1  1-0

[Event "Moravia-chT 9697"]
[Site "?"]
[Date "1997.??.??"]
[Round "?"]
[White "Klima, Lukas"]
[Black "Kozlicek, Lubomir"]
[Result "1/2-1/2"]
[WhiteElo "2235"]
[BlackElo "2155"]

1.e4 c5 2.Nf3 d6 3.d4 cxd4 4.Nxd4 Nf6 5.Nc3 Nc6 6.Bg5 e6 7.f4 Be7 8.Qd3 a6
9.O-O-O Bd7 10.Qg3 Nxd4 11.Rxd4 Qb6 12.Rd1 h6 13.Bxf6 Bxf6 14.h4 Qc7 15.Rh3 Rc8
16.Qf2 b5 17.Rhd3 b4 18.e5 bxc3 19.Rxc3 Qa5 20.Rxc8+ Bxc8 21.exf6 gxf6 22.Rxd6 Qxa2
23.Qd4 Qa1+ 24.Kd2 O-O 25.Bd3 Qh1 26.Qxf6 Qxg2+ 27.Kc3 Qg7 28.Qxg7+ Kxg7
29.Bxa6 Kg6 30.Be2 Kf5 31.Rd4 e5 32.Bd3+ Ke6 33.f5+ Ke7 34.Ra4 Kd6 35.Be4 Rg8
36.Bd3 Rg3 37.Kd2 Rg2+ 38.Ke3 Rg3+ 39.Kf2 Rg7 40.Ra8 Bb7 41.Ra7 Rg2+ 42.Kf1 Bf3
43.Ra4 e4 44.Bxe4 Bxe4 45.Rxe4 Rxc2 46.Rb4 Ke5  1/2-1/2

[Event "Kasparov Cup"]
[Site "Moscow"]
[Date "1997.??.??"]
[Round "?"]
[White "Sedlak, Nicola"]
[Black "Grigoriants, Sergey"]
[Result "1/2-1/2"]
[WhiteElo "2080"]
[BlackElo "2315"]

1.e4 c5 2.Nf3 Nc6 3.d4 cxd4 4.Nxd4 Nf6 5.Nc3 d6 6.Bg5 e6 7.Qd2 Be7 8.O-O-O Nxd4
9.Qxd4 O-O 10.f4 Qa5 11.Bc4 Bd7 12.Rd3 Rfd8 13.Rg3 Kh8 14.Bd3 Be8 15.Qe3 h6
16.h4 Bc6 17.f5 Rg8 18.fxe6 fxe6 19.Bxh6 Nh5 20.Rf3 Bf6 21.Nd1 Qa4 22.Kb1 Bd4
23.Qd2 Nf6 24.Re1 Ng4 25.Bf4 Ne5 26.Rg3 Rgf8 27.Bh6 Nxd3 28.Rxd3 Be5 29.Bg5 Bxe4
30.Ra3 Qc6 31.Qe2 Bg6 32.h5 Bh7 33.h6 Rac8 34.hxg7+ Bxg7 35.Rh1 Kg8 36.Qxe6+ Rf7
37.Nc3 Re8 38.Qh3 Bf5 39.Qg3 Kf8 40.Rxa7 Qb6 41.Ra3 d5 42.Rb3 Qg6 43.Rb4 Bxc2+
44.Ka1 Kg8 45.a3 Ref8 46.Rf4 Rxf4 47.Bxf4 Qxg3 48.Bxg3 d4 49.Na2 Be4 50.Rg1 Rc8
51.Rd1 Rc2 52.Nb4 Rxg2 53.Be1 Kf7 54.Nd3 Bxd3 55.Rxd3 Rg1 56.Rd1 Ke6 57.Kb1 d3
58.Kc1 Bh6+ 59.Bd2 Bxd2+ 60.Kxd2 Rxd1+ 61.Kxd1 Kd5 62.b3 Ke4 63.Kd2 Kd4 64.a4 b6
65.b4 Kc4 66.a5 bxa5 67.bxa5 Kb5 68.Kxd3 Kxa5  1/2-1/2

[Event "Moscow"]
[Site "Moscow"]
[Date "1997.??.??"]
[Round "11"]
[White "Evelev, Vladimir M"]
[Black "Grigoriants, Sergey"]
[Result "1/2-1/2"]
[WhiteElo "2250"]
[BlackElo "2315"]

1.e4 c5 2.Nf3 Nc6 3.d4 cxd4 4.Nxd4 Nf6 5.Nc3 d6 6.Bg5 e6 7.Qd2 Be7 8.O-O-O Nxd4
9.Qxd4 O-O 10.f4 Qa5 11.e5 dxe5 12.Qxe5 Qxe5 13.fxe5 Nd5 14.Bxe7 Nxe7 15.Bd3 b6
16.Be4 Rb8 17.Rhe1 Bb7 18.Rd7 Bxe4 19.Rxe4 Nc6 20.Rd6 Rbc8 21.Nb5 Rfd8 22.Rc4 Nxe5
23.Rxc8 Rxc8 24.Nxa7 Rb8 25.a4 Kf8 26.Nc6 Nxc6 27.Rxc6 Rb7  1/2-1/2

[Event "NRW-Cup Masters op"]
[Site "Muenster"]
[Date "1997.??.??"]
[Round "8"]
[White "Holzke, Frank"]
[Black "Kistella, Roman"]
[Result "1-0"]
[WhiteElo "2400"]
[BlackElo "2280"]

1.e4 c5 2.Nf3 d6 3.d4 cxd4 4.Nxd4 Nf6 5.Nc3 Nc6 6.Bg5 e6 7.Qd2 a6 8.O-O-O h6
9.Bf4 Bd7 10.Nxc6 Bxc6 11.f3 d5 12.Qe1 Bb4 13.a3 Ba5 14.b4 Bb6 15.exd5 Bxd5
16.Be5 O-O 17.Qh4 Be3+ 18.Kb2 Bg5 19.Qd4 Bc6 20.Bc4 Qxd4 21.Bxd4 b5 22.Bb3 Nd7
23.Ne2 a5 24.Bf2 Bf6+ 25.c3 axb4 26.axb4 Ne5 27.Bd4 Rfd8 28.f4 Nc4+ 29.Bxc4 bxc4
30.Bxf6 gxf6 31.Nd4 Bd5 32.Nc2 Kf8 33.Ne3 Bc6 34.Rhe1 Bb5 35.f5 Rxd1 36.Rxd1 Ke7
37.Rd4 Rd8 38.Rxd8 Kxd8 39.Ng4 exf5 40.Nxh6 Bd7 41.g3 Ke7 42.Ng8+ Ke6 43.h4 Bc6
44.h5 f4 45.gxf4 Be4 46.b5  1-0

[Event "FIN-ch op"]
[Site "Naan"]
[Date "1997.??.??"]
[Round "?"]
[White "Kilpela, Panu"]
[Black "Fieandt, John"]
[Result "0-1"]
[WhiteElo "2220"]
[BlackElo "2205"]

1.e4 c5 2.Nf3 Nc6 3.d4 cxd4 4.Nxd4 Nf6 5.Nc3 d6 6.Bg5 e6 7.Bb5 Bd7 8.Bxc6 bxc6
9.Qf3 h6 10.Bh4 Qb6 11.O-O-O Be7 12.e5 dxe5 13.Nb3 Qb4 14.Bg3 e4 15.Qe2 c5
16.a3 Qb6 17.Be5 Bc6 18.Qc4 O-O 19.Bd6 Bd5 20.Qxd5 Nxd5 21.Nxd5 Bg5+ 22.Ne3 Rfc8
23.Be5  0-1

[Event "FIN-ch op"]
[Site "Naan"]
[Date "1997.??.??"]
[Round "?"]
[White "Nokso Koivisto, Antti"]
[Black "Sorsa, Nuutti"]
[Result "1/2-1/2"]
[WhiteElo "2215"]
[BlackElo "2270"]

1.e4 c5 2.Nf3 d6 3.d4 cxd4 4.Nxd4 Nf6 5.Nc3 Nc6 6.Bg5 e6 7.Qd2 a6 8.O-O-O h6
9.Be3 Nxd4 10.Bxd4 b5 11.f4 Be7 12.Qe3 Qc7 13.e5 dxe5 14.fxe5 Nd7 15.Ne4 Bb7
16.Nd6+ Qxd6 17.exd6 Bg5 18.Qxg5 hxg5 19.Bxg7 Rh5 20.Bd4 f5 21.h3 g4 22.Rg1 g3
23.Bd3 Kf7 24.Rde1 Re8 25.Rgf1 Bxg2 26.Rg1 Bxh3 27.Rxg3 e5 28.Bc3 Bg4 29.Rf1 Ke6
30.Bb4 Reh8 31.b3 Rh1 32.Rgg1 Rxg1 33.Rxg1 Kd5 34.a4 Kc6 35.axb5+ axb5 36.Kb2 Nc5
37.Ra1 Nxd3+ 38.cxd3 f4 39.Ra7 f3 40.Rc7+ Kd5 41.Rc2 Rc8 42.Rh2 Kd4 43.Ba5 Ra8
44.Bb6+ Kd5 45.Bc7 Rf8 46.Rf2 Kd4 47.Kc2 Ke3 48.Bb6+ Kf4  1/2-1/2

[Event "New York op"]
[Site "New York"]
[Date "1997.??.??"]
[Round "?"]
[White "Kudrin, Sergey"]
[Black "Epishin, Vladimir"]
[Result "1/2-1/2"]
[WhiteElo "2515"]
[BlackElo "2600"]

1.e4 c5 2.Nf3 d6 3.d4 cxd4 4.Nxd4 Nf6 5.Nc3 Nc6 6.Bg5 e6 7.Qd2 a6 8.Be2 Be7
9.Rd1 Nxd4 10.Qxd4 Bd7 11.Bxf6 Bxf6 12.Qxd6 Bc6 13.Qxd8+ Rxd8 14.Rxd8+ Kxd8
15.Bd3 Bxc3+ 16.bxc3 e5 17.f3 f6 18.Kd2 Kc7 19.h4 h6 20.c4 Kd6 21.Ke3 Kc5
22.c3 Rd8 23.g4 Rd6 24.Bf1 Rd7 25.Be2 Rd6 26.Bd3 g5 27.hxg5 fxg5 28.Rb1 b6
29.Bf1  1/2-1/2

[Event "JUG-chT"]
[Site "Niksic"]
[Date "1997.??.??"]
[Round "4"]
[White "Mackic, Zoran"]
[Black "Vukovic, Zdravko"]
[Result "1/2-1/2"]
[WhiteElo "2430"]
[BlackElo "2410"]

1.e4 c5 2.Nf3 Nc6 3.d4 cxd4 4.Nxd4 Nf6 5.Nc3 d6 6.Bg5 e6 7.Qd2 Be7 8.O-O-O O-O
9.f4 h6 10.Bh4 Bd7 11.Nf3 Qa5 12.Kb1 Rfc8 13.Bd3 d5 14.exd5 Nb4 15.a3 Nbxd5
16.Nxd5 Qxd5 17.Ne5 Ba4 18.Qe2 Qc5 19.Bf2 Qc7 20.g4 Bxa3 21.bxa3 Nd5 22.Qd2 Nxf4
23.Qxf4 Bxc2+ 24.Ka2 Bxd3 25.Rxd3 f6 26.Bd4 fxe5 27.Qxe5 Qxe5 28.Bxe5 Rc2+
29.Kb3 Re2 30.Bc3 Rf8 31.Rd7 Rf7 32.Rxf7 Kxf7 33.Rd1 Ke7 34.Bb4+ Ke8 35.Rf1 Rxh2
36.Rf8+ Kd7 37.Rf7+ Kc6 38.Rxg7 h5 39.g5 Rg2 40.Be7 h4 41.Rh7 Rg4 42.Bf6 e5
43.Rh6 Kd5 44.g6 h3 45.g7 Ke6 46.Kc3 Kf5 47.Bd8 Rxg7 48.Rxh3 Rd7 49.Rh8 e4
50.Rf8+ Kg4 51.Rg8+ Kf3 52.Bh4 e3 53.Rg3+ Kf4 54.Rg1 e2 55.Kc2 Kf3 56.Rg3+ Ke4
57.Rg1 Rd1 58.Rxd1 exd1=Q+ 59.Kxd1 Kd3 60.Be1 b6 61.Bd2 a5 62.Be1 Kc4 63.Kc2 Kb5
64.Kb3 Ka6 65.Kc4 b5+ 66.Kc5 b4 67.Bxb4 a4 68.Ba5  1/2-1/2

[Event "JUG-chT"]
[Site "Niksic"]
[Date "1997.??.??"]
[Round "5"]
[White "Knezevic, Bojan"]
[Black "Ivanisevic, Ivan"]
[Result "1/2-1/2"]
[WhiteElo "2360"]
[BlackElo "2540"]

1.e4 c5 2.Nf3 Nc6 3.d4 cxd4 4.Nxd4 Nf6 5.Nc3 d6 6.Bg5 e6 7.Qd2 a6 8.O-O-O h6
9.Bf4 Bd7 10.Nxc6 Bxc6 11.f3 d5 12.Qe1 Bb4 13.a3 Ba5 14.b4 Bb6 15.exd5 Bxd5
16.Nxd5 Nxd5 17.c4 Qf6 18.Be5 Be3+ 19.Qxe3 Nxe3 20.Bxf6 gxf6 21.Rd4 a5 22.b5 Ke7
23.Kd2 Nf5 24.Rf4 Rhd8+ 25.Bd3 Rac8 26.a4 Rc5 27.Re1 Nd6 28.Kc3 Nc8 29.Rd4 Rxd4
30.Kxd4 Kd6 31.Bc2 Nb6 32.Bb3 Re5 33.Rxe5 fxe5+ 34.Kc3 Kc5 35.g4 Nc8 36.Bc2 Nd6
37.h4 f6 38.Bd3 b6 39.Be2 e4 40.f4 Nf7 41.g5 hxg5 42.hxg5 fxg5 43.Bh5 g4
44.Bxg4 e5 45.Bh5 Nd6 46.fxe5 Nxc4 47.e6 Ne3 48.Kd2 Nd5 49.Bd1 Kd6 50.Bc2 Ke5
51.Bb1 e3+ 52.Ke2 Kd4 53.Ba2 Nf4+ 54.Kf3 Ng6 55.Bb1 Ne7 56.Ke2 Nd5 57.Ba2 Ne7
58.Bb1 Ke5 59.Kxe3 Nd5+ 60.Kd2 Kxe6  1/2-1/2

[Event "JUG-chT"]
[Site "Niksic"]
[Date "1997.??.??"]
[Round "6"]
[White "Pavlovic, Milos"]
[Black "Arsovic, Zoran"]
[Result "1-0"]
[WhiteElo "2485"]
[BlackElo "2425"]

1.e4 c5 2.Nf3 d6 3.d4 cxd4 4.Nxd4 Nf6 5.Nc3 Nc6 6.Bg5 e6 7.Qd2 a6 8.O-O-O h6
9.Be3 Be7 10.f3 Nxd4 11.Bxd4 b5 12.Kb1 Rb8 13.Ba7 Rb7 14.Be3 Nd7 15.Qf2 Qa5
16.Qg3 g6 17.Bd3 Ne5 18.Bd4 b4 19.Ne2 O-O 20.Be3 Kg7 21.Nd4 Bd7 22.h4 h5
23.Be2 Bb5 24.Bd3 Rc8 25.f4 Ng4 26.f5 Bxd3 27.Rxd3 Nxe3 28.Nxe6+ Kg8 29.Qxe3 fxe6
30.Qh6 Qe5 31.Qxg6+ Kf8 32.Rg3 Qh8 33.fxe6 Bf6 34.Rf1 Ke7  1-0

[Event "JUG-ch52"]
[Site "Niksic"]
[Date "1997.??.??"]
[Round "11"]
[White "Pikula, Dejan"]
[Black "Popovic, Petar"]
[Result "1/2-1/2"]
[WhiteElo "2495"]
[BlackElo "2545"]

1.e4 c5 2.Nf3 d6 3.d4 cxd4 4.Nxd4 Nf6 5.Nc3 Nc6 6.Bg5 e6 7.Qd2 a6 8.O-O-O Bd7
9.f3 Rc8 10.Kb1 Be7 11.h4 Nxd4 12.Qxd4 Qc7 13.g4 b5  1/2-1/2

[Event "Nova Gorica op"]
[Site "Nova Gorica"]
[Date "1997.??.??"]
[Round "4"]
[White "Kolar, Srecko"]
[Black "Tratar, Marko"]
[Result "0-1"]
[WhiteElo "2180"]
[BlackElo "2420"]

1.e4 c5 2.Nf3 d6 3.d4 cxd4 4.Nxd4 Nf6 5.Nc3 Nc6 6.Bg5 e6 7.Qd2 a6 8.O-O-O Bd7
9.f4 h6 10.Bh4 g5 11.fxg5 Ng4 12.Nf3 hxg5 13.Bg3 Be7 14.Kb1 Nge5 15.Nd4 Qc7
16.Be2 Nxd4 17.Qxd4 b5 18.Bf2 Qc5 19.a3 Qxd4 20.Bxd4 Bc6 21.h3 Rh6 22.Rhf1 Rb8
23.Bd3 Bd8 24.Be3 Rh7 25.Ne2 Be7 26.Nd4 Bb7 27.Bd2 d5 28.exd5 Nxd3 29.cxd3 Bxd5
30.Nf3 f6 31.Rc1 Bd8 32.Be3 Rc7 33.Bc5 Rbc8 34.b4 Be7 35.d4 Kd7 36.Rf2 Bd6
37.Kb2 Bf4 38.Rd1 Rg8 39.Ne1 Rg6 40.Nd3 Bg3 41.Rfd2 Bc4 42.Ne1 Rc8 43.Nc2 Bf4
44.Rf2 Rh8 45.Ra1 Rh4 46.a4 bxa4 47.Rxa4 e5 48.Ra3 g4 49.hxg4 Rhxg4 50.Kc3 Bb5
51.Ne1 Rg3+ 52.Rf3 e4 53.Rxg3 Rxg3+ 54.Kb2 Rxa3 55.Kxa3 Bd2 56.Nc2 Bd3 57.Kb2 e3
58.b5 e2 59.bxa6 Bxc2  0-1